000 00628nam a2200217Ia 4500
005 20250508164139.0
008 008 250505s9999 xx 000 0 eng d
020 _a81-7829-398-6
037 _aTextual
040 _aFEDL
_beng
_cFEDL
041 _aeng
_2eng
084 _a001.42, OPI
_qFEDL
100 _aOpie Clive
_9777480
245 0 _aDoing educational research: A guide for first- time researchers
260 _aNew Delhi, India
_bVistaar Publications
_c2004
300 _axvi, 244p
365 _aINR
_b340
650 _aResearch Methods
942 _cTEXL
_h001.42, OPI
999 _c1387312
_d1387312